Puns at Work Quiz Stats

 Plays Quiz Updated Nov 19, 2018

     
Support Sporcle.
Go Orange.
Score 0/18 Timer 04:00
0 Plays Today
% Correct
'This is groundbreaking.'
90.4%
They raise the roof.
88.4%
I said, “Can’t say for sure. It’s so hard to keep track!”
88.3%
I could really see myself doing.
86.6%
But, sadly, none of them work.
86.5%
I said that at my last job, whenever something went wrong I was responsible.
86.4%
Despite all those extra hours I put in.
85.7%
But all I wanted was that one nightstand.
85%
That makes me a Guardian of the Galaxy.
84.8%
% Correct
Now his business is toast.
84.2%
But the new guy screwed it up.
83.6%
A woman asked me to check her balance, so I pushed her over.
83.1%
On the plus side, he makes great Subway sandwiches.
82.7%
So I moved to a developing country.
81.4%
But I easily get carried away.
81.1%
And the police have nothing to go on.
80.7%
But when I got home, all the signs were there.
80.3%
Restaurant In Peace.
75.9%

From the Vault

Words That End in 1 Vowel + 'K'

by Mattchu

The best part of all these words is that you can easily transition into gargling directly after saying them.
Remove Ads.
Support Sporcle.
Get the best of Sporcle when you Go Orange. This ad-free experience offers more features, more stats, and more fun while also helping to support Sporcle. Thank you for becoming a member.

Show Comments

Extras

Top Quizzes Today


Score Distribution

Your Account Isn't Verified!

In order to create a playlist on Sporcle, you need to verify the email address you used during registration. Go to your Sporcle Settings to finish the process.

Report this User

Report this user for behavior that violates our Community Guidelines.

Details: